Statystyki dla Stacje metra Warszawy na mapie

Kliknij tutaj aby rozwiązać quiz!

Ogólne statystyki

  • Ten quiz został rozwiązany 17 120 razy
    (10 663 od ostatniego zresetowania)
  • Średni wynik to 19 z 39

Odpowiedzi na mapie

Odpowiedzi skodowane kolorowo w zielono-czerwonej skali na mapie do tego quizu, zgodnie z poniższymi procentami.
 

Statystyki odpowiedzi

Odpowiedź% Poprawnych
Centrum
83%
Kabaty
76%
Świętokrzyska
76%
Świętokrzyska
76%
Młociny
74%
Stadion Narodowy
63%
Politechnika
62%
Dworzec Gdański
59%
Ratusz Arsenał
58%
Pole Mokotowskie
54%
Ursynów
54%
Centrum Nauki Kopernik
53%
Rondo ONZ
53%
Bemowo
52%
Plac Wilsona
52%
Stare Bielany
51%
Wawrzyszew
51%
Marymont
49%
Rondo Daszyńskiego
48%
Wilanowska
48%
Imielin
47%
Natolin
47%
Słodowiec
45%
Bródno
43%
Księcia Janusza
43%
Racławicka
43%
Dworzec Wileński
42%
Służew
42%
Wierzbno
41%
Stokłosy
40%
Targówek Mieszkaniowy
38%
Nowy Świat-Uniwersytet
36%
Płocka
31%
Trocka
31%
Szwedzka
27%
Młynów
25%
Kondratowicza
22%
Ulrychów
22%
Zacisze
22%

Rozkład punktacji

Percentyl według liczby udzielonych odpowiedzi

Procent ludzi z każdym wynikiem

Twoja historia wyników

Nie rozwiązałeś tego quizu od ostatniego zresetowania